书目信息 |
| 题名: |
设计新主张
|
|
| 作者: | ;深圳视界文化传播有限公司 编 | |
| 分册: | 简约现代风 | |
| 出版信息: | 北京 中国林业出版社 2017 |
|
| 页数: | 159页 | |
| 开本: | 24cm | |
| 丛书名: | ||
| 单 册: | ||
| 中图分类: | TU241.02-64 | |
| 科图分类: | ||
| 主题词: | 住宅--室内装饰设计--图集 | |
| 电子资源: | ||
| ISBN: | 978-7-5038-8943-1 | |
| 000 | 01101nam0 2200253 450 | |
| 001 | 1985 | |
| 005 | 20180522154824.39 | |
| 010 | @a978-7-5038-8943-1@dCNY68.00 | |
| 100 | @a20170905d2017 em y0chiy50 ea | |
| 101 | 0 | @achi |
| 102 | @aCN@b110000 | |
| 105 | @aa z 000yy | |
| 200 | 1 | @a设计新主张@9she ji xin zhu zhang@i简约现代风@f深圳视界文化传播有限公司编 |
| 210 | @a北京@c中国林业出版社@d2017 | |
| 215 | @a159页@d24cm | |
| 300 | @a家居设计宝典系列 | |
| 312 | @a封面英文分辑题名:Concise modern style | |
| 330 | @a本书以风格划分,突出特性。选用的都是国内优秀的设计师或设计公司设计的实景图案例,并配上简介实用的设计说明,内容可参考性强,意在通过丰富的案例和清晰的图片,使读者更加了解不同装饰风格中,玄关与过道不同的功能特性和装饰要点。旨在为广大读者提供优质的设计信息,从而提高室内家居设计的品味与格调。 | |
| 517 | 1 | @a简约现代风@9jian yue xian dai feng |
| 606 | 0 | @a住宅@x室内装饰设计@j图集 |
| 690 | @aTU241.02-64@v5 | |
| 711 | 02 | @a深圳视界文化传播有限公司@9shen zhen shi jie wen hua chuan bo you xian gong si@4编 |
| 801 | 0 | @aCN@b91MARC@c20170905 |
| 905 | @aMuseLib@dTU241.02-64@e1407 | |
| 设计新主张.简约现代风/深圳视界文化传播有限公司编.-北京:中国林业出版社,2017 |
| 159页;24cm |
| 家居设计宝典系列 |
| ISBN 978-7-5038-8943-1:CNY68.00 |
| 本书以风格划分,突出特性。选用的都是国内优秀的设计师或设计公司设计的实景图案例,并配上简介实用的设计说明,内容可参考性强,意在通过丰富的案例和清晰的图片,使读者更加了解不同装饰风格中,玄关与过道不同的功能特性和装饰要点。旨在为广大读者提供优质的设计信息,从而提高室内家居设计的品味与格调。 |
| ● |
| 相关链接 |
|
|
|
|
正题名:设计新主张
索取号:TU241.02-64/1407
 
预约/预借
| 序号 | 登录号 | 条形码 | 馆藏地/架位号 | 状态 | 备注 |
| 1 | 1107493 | 211074932 | 第二样本阅览室/ [索取号:TU241.02-64/1407] | 在馆 | |
| 2 | 1107494 | 211074941 | 教育系资料室/ [索取号:TU241.02-64/1407] | 在馆 | |
| 3 | 1107495 | 211074950 | 教育系资料室/ [索取号:TU241.02-64/1407] | 在馆 | |
| 4 | 1107496 | 211074969 | 第三借阅区/ [索取号:TU241.02-64/1407] | 在馆 |